Wszystkie miasta w zachodniopomorskim - Statystyki

Ogólne statystyki
  • Ten quiz został rozwiązany 7 razy
  • Średni wynik to 28 z 66
Statystyki odpowiedzi
Odpowiedź % Poprawnych
Międzyzdroje
83%
Stargard
83%
Świnoujście
83%
Szczecin
83%
Kamień Pomorski
67%
Kołobrzeg
67%
Myślibórz
67%
Police
67%
Szczecinek
67%
Barlinek
50%
Białogard
50%
Biały Bór
50%
Chociwel
50%
Chojna
50%
Choszczno
50%
Czaplinek
50%
Darłowo
50%
Drawsko Pomorskie
50%
Dziwnów
50%
Gryfice
50%
Gryfino
50%
Koszalin
50%
Łobez
50%
Nowogard
50%
Połczyn-Zdrój
50%
Pyrzyce
50%
Sławno
50%
Wałcz
50%
Wolin
50%
Barwice
33%
Bobolice
33%
Borne Sulinowo
33%
Cedynia
33%
Człopa
33%
Dębno
33%
Dobra
33%
Dobrzany
33%
Golczewo
33%
Goleniów
33%
Gościno
33%
Ińsko
33%
Kalisz Pomorski
33%
Karlino
33%
Lipiany
33%
Maszewo
33%
Mielno
33%
Mirosławiec
33%
Moryń
33%
Pełczyce
33%
Płoty
33%
Recz
33%
Resko
33%
Sianów
33%
Suchań
33%
Świdwin
33%
Trzcińsko-Zdrój
33%
Trzebiatów
33%
Węgorzyno
33%
Złocieniec
33%
Drawno
17%
Mieszkowice
17%
Nowe Warpno
17%
Polanów
17%
Stepnica
17%
Tuczno
17%
Tychowo
17%
Nie znaleziono quizów pasujących do podanych kryteriów
Rozkład punktacji
Procent ludzi z każdym wynikiem
Percentyl według liczby udzielonych odpowiedzi
Twoja historia wyników
Nie rozwiązałeś tego quizu